00441 2200181 4500001002100000005001500021008004100036020002200077035001900099041000700118082001000125090001600135100002000151245002000171260004100191300001700232650001000249INLIS00000000000491020241224113012241224||||||||| | ||| |||| || |  a978-979-27-2813-2 0010-1224004910 aid0 a741.3 a741.3 YAM h0 aSayaka Yamajaki00aHaruka 17 Vol.3 aJakartabElex Media Komputindoc2008 aIlus.: 18 cm 0aKomik